Estamos em um livro! (Record no. 47298)

MARC details
000 -LÍDER
campo de controle de tamanho fixo 01187 a2200289 4500
001 - NÚMERO DE CONTROLE
campo de controle 47298
020 ## - ISBN - INTERNATIONAL STANDARD BOOK NUMBER
ISBN - International Standard Book Number 9788579623868
041 ## - CÓDIGO DE IDIOMA
Código do idioma do texto/trilha sonora ou título diferente por
082 ## - CDD - CLASSIFICAÇÃO DECIMAL DE DEWEY
Número de Classificação 999999
040 ## - FONTE DA CATALOGAÇÃO
Instituição da catalogação original BR-BrIDEA
Instituição que transcreveu o registro BR-BrIDEA
090 ## - NÚMERO DE CHAMADA LOCAL
Número de chamada (OCLC) (R); Número de chamada, CALL (RLIN) (NR) A SK [E]
Número Cutter local (OCLC); Número de classificação do livro, CALL (RLIN) WIL
100 ## - ENTRADA PRINCIPAL--NOME PESSOAL
Nome pessoal Willems, Mo.
245 10 - TÍTULO
Título Estamos em um livro!
Indicação de responsabilidade, etc. Mo Willems
260 ## - PUBLICAÇÃO, DISTRIBUIÇÃO, ETC.
Local de publicação, distribuição, etc. São Paulo
Nome do editor, distribuidor, etc. Objetiva
Data da publicação, distribuição, etc. 2015
300 ## - DESCRIÇÃO FÍSICA
Extensão 61 p.
490 ## - TÍTULO DA SÉRIE
Título da série Willems, Mo. Elephant & Piggie book
520 ## - NOTA DE RESUMO, ETC
Resumo, etc. O Elefante e a Porquinha são melhores amigos. Um dia, percebem que não estão sozinhos - tem alguém olhando para eles! Quem será? Um monstro? Não... é você, leitor! Em Estamos em um livro!, o elefante Geraldo e a Porquinha descobrem a alegria de serem lidos. Mas o que vai acontecer quando o livro acabar? Uma história interativa, em que os adoráveis personagens de Mo Willems conversam diretamente com o leitor e aprontam muitas maluquices
521 ## - NOTA DO PÚBLICO ALVO
Nota de público alvo IK
697 ## - ENTRADA DE ASSUNTO LOCAL--ENTIDADE COLETIVA (RLIN)
Nome corporativo ou nome da jurisdição Elephants - Fiction.
697 ## - ENTRADA DE ASSUNTO LOCAL--ENTIDADE COLETIVA (RLIN)
Nome corporativo ou nome da jurisdição Books and reading - Fiction.
697 ## - ENTRADA DE ASSUNTO LOCAL--ENTIDADE COLETIVA (RLIN)
Nome corporativo ou nome da jurisdição Humorous fiction.
697 ## - ENTRADA DE ASSUNTO LOCAL--ENTIDADE COLETIVA (RLIN)
Nome corporativo ou nome da jurisdição Pigs - Fiction.
697 ## - ENTRADA DE ASSUNTO LOCAL--ENTIDADE COLETIVA (RLIN)
Nome corporativo ou nome da jurisdição Readers (Elementary)
830 ## - ENTRADA SECUNDÁRIA DE SÉRIE--TÍTULO UNIFORME
Título uniforme Willems, Mo. Elephant & Piggie book
856 ## - LOCALIZAÇÃO ELETRÔNICA E ACESSO
Uniform Resource Identifier <a href="00001f/00001ff6.jpg">00001f/00001ff6.jpg</a>
942 ## - ELEMENTOS DE ENTRADA ADICIONADOS (KOHA)
Tipo de material Koha Livros
Holdings
Situação do descarte Situação das perdas Situação física Não pode ser emprestado Biblioteca de origem Biblioteca atual Data de aquisição Total de empréstimos Número de chamada completo Código de barras Data de último acesso Data do preço efetivo Tipo de material Koha Fonte da classificação ou esquema de arquivamento na estante Devolução em Data do último empréstimo
        Colégio Anchieta - Aquarius Colégio Anchieta - Aquarius 21/11/2023   028.5 WIL EST 5854/AQU 21/11/2023 21/11/2023 Livros      
        ECB - SUDOESTE ECB - SUDOESTE 27/06/2016 1 SK [E] WIL 00024331SSW 23/05/2024 23/01/2024 Livros Classificação Decimal de Dewey 23/05/2024 23/05/2024
        ECB - SUDOESTE ECB - SUDOESTE 22/11/2018 3 SK [E] WIL 00038943SSW 18/06/2024 23/01/2024 Livros Classificação Decimal de Dewey   27/05/2024
        ECB - SUDOESTE ECB - SUDOESTE 22/11/2018 1 SK [E] WIL 00038944SSW 07/03/2024 23/01/2024 Livros Classificação Decimal de Dewey 06/05/2024 07/03/2024
        ECB - ÁGUAS CLARAS ECB - ÁGUAS CLARAS 22/11/2018 3 A SK [E] WIL 00038942AGC 19/06/2024 23/01/2024 Livros Classificação Decimal de Dewey   12/06/2024
        ECB - ÁGUAS CLARAS ECB - ÁGUAS CLARAS 07/02/2019 6 A SK [E] WIL 00039894AGC 17/06/2024 23/01/2024 Livros Classificação Decimal de Dewey   14/06/2024
        ECB - ÁGUAS CLARAS ECB - ÁGUAS CLARAS 07/02/2019 6 A SK [E] WIL 00039895AGC 20/05/2024 23/01/2024 Livros Classificação Decimal de Dewey   13/05/2024
        ECB - ÁGUAS CLARAS ECB - ÁGUAS CLARAS 13/03/2018 2 A SK [E] WIL 00035685AGC 19/06/2024 23/01/2024 Livros Classificação Decimal de Dewey   12/06/2024